书目信息 |
| 题名: |
山地城市设计适应性理论与方法
|
|
| 作者: | 曹珂 , 李和平 平著 | |
| 分册: | ||
| 出版信息: | 成都 西南财经大学出版社 2019.7 |
|
| 页数: | 286页 | |
| 开本: | 24cm | |
| 丛书名: | ||
| 单 册: | ||
| 中图分类: | TU984.1 | |
| 科图分类: | ||
| 主题词: | 山区城市--城市规划--建筑设计--研究 | |
| 电子资源: | ||
| ISBN: | 978-7-5504-4027-2 | |
| 000 | 01141nam0 2200241 450 | |
| 001 | 202019137182 | |
| 005 | 20191026133320.0 | |
| 010 | @a978-7-5504-4027-2@dCNY98.00 | |
| 100 | @a20191022d2019 em y0chiy0110 ea | |
| 101 | 0 | @achi |
| 102 | @aCN@b510000 | |
| 105 | @ay z 000yy | |
| 106 | @ar | |
| 200 | 1 | @a山地城市设计适应性理论与方法@AShan Di Cheng Shi She Ji Shi Ying Xing Li Lun Yu Fang Fa@f曹珂,李和平著 |
| 210 | @a成都@c西南财经大学出版社@d2019.7 | |
| 215 | @a286页@d24cm | |
| 330 | @a【2017Z00416,已报选题,已批复,已签合同,已打款】本书将生物学界“适应性”理论引入对城市形态与人工环境的分析中,形成了相关的研究成果,希望建构一套基于地域适应性理念的山地城市设计理论方法。该方法体系的理论基础为生物学适应性理论的价值视野,结合生物对环境适应过程中从动、协动、能动的三大适应模式,分别探讨了山地城市设计中对地域地形、环境、文脉三方面影响因素进行适应性建设的综合设计策略。文章主体论述部分共分为七个章节,四大部分。 | |
| 606 | 0 | @a山区城市@x城市规划@x建筑设计@x研究 |
| 690 | @aTU984.1@v5 | |
| 701 | 0 | @a曹珂@ACao Ke@4平著 |
| 701 | 0 | @a李和平@ALi He Ping@4著 |
| 801 | 0 | @aCN@c20190905 |
| 905 | @a河南城建学院图书馆@dTU984.1@eC121 | |
| 山地城市设计适应性理论与方法/曹珂,李和平著.-成都:西南财经大学出版社,2019.7 |
| 286页;24cm |
| ISBN 978-7-5504-4027-2:CNY98.00 |
| 【2017Z00416,已报选题,已批复,已签合同,已打款】本书将生物学界“适应性”理论引入对城市形态与人工环境的分析中,形成了相关的研究成果,希望建构一套基于地域适应性理念的山地城市设计理论方法。该方法体系的理论基础为生物学适应性理论的价值视野,结合生物对环境适应过程中从动、协动、能动的三大适应模式,分别探讨了山地城市设计中对地域地形、环境、文脉三方面影响因素进行适应性建设的综合设计策略。文章主体论述部分共分为七个章节,四大部分。 |
| ● |
| 相关链接 |
|
|
|
正题名:山地城市设计适应性理论与方法
索取号:TU984.1/C121
 
预约/预借
| 序号 | 登录号 | 条形码 | 馆藏地/架位号 | 状态 | 备注 |
| 1 | 1445586 | 214455864 | 建筑库201/201建筑库 92排2列3层/ [索取号:TU984.1/C121] | 在馆 | |
| 2 | 1445587 | 214455873 | 建筑库201/201建筑库 92排2列3层/ [索取号:TU984.1/C121] | 在馆 |